काठनिबारी घाट / (Record no. 114672)

MARC details
000 -LEADER
fixed length control field 01120nam a22002657a 4500
005 - DATE AND TIME OF LATEST TRANSACTION
control field 20170124103012.0
010 ## - LIBRARY OF CONGRESS CONTROL NUMBER
LC control number A-777083
020 ## - INTERNATIONAL STANDARD BOOK NUMBER
Terms of availability 12.00
035 ## - SYSTEM CONTROL NUMBER
System control number A-777083
037 ## - SOURCE OF ACQUISITION
Source of stock number/acquisition Cen Lib/Ret
040 ## - CATALOGING SOURCE
Original cataloging agency DPL
Language of cataloging HN
082 ## - DEWEY DECIMAL CLASSIFICATION NUMBER
Classification number
Item number बराम
100 ## - MAIN ENTRY--PERSONAL NAME
Personal name बरा, महिम
9 (RLIN) 2233
245 ## - TITLE STATEMENT
Title काठनिबारी घाट /
Statement of responsibility, etc महिम बरा ; अनुवादक नवारुण वर्मा
246 ## - VARYING FORM OF TITLE
Title proper/short title Kaathnibari ghat /
Remainder of title Mahim Bara ; anuvadak Navrun Verma
260 ## - PUBLICATION, DISTRIBUTION, ETC. (IMPRINT)
Place of publication, distribution, etc नयी दिल्ली
Name of publisher, distributor, etc नेशनल बुक ट्रस्ट
Date of publication, distribution, etc 1988
270 ## - ADDRESS
Address ए-5, ग्रीन पार्क
City नयी दिल्ली
Postal code 110016
300 ## - PHYSICAL DESCRIPTION
Extent 115पृ.
Dimensions 21सेमी(सजिल्द )
650 ## - SUBJECT ADDED ENTRY--TOPICAL TERM
Topical term or geographic name as entry element हिंदी साहित्य
General subdivision
Geographic subdivision
9 (RLIN) 57801
650 ## - SUBJECT ADDED ENTRY--TOPICAL TERM
Topical term or geographic name as entry element हिंदी साहित्य--कहानियां
9 (RLIN) 42761
650 ## - SUBJECT ADDED ENTRY--TOPICAL TERM
Topical term or geographic name as entry element Hindi literature
Form subdivision
9 (RLIN) 57802
650 ## - SUBJECT ADDED ENTRY--TOPICAL TERM
Topical term or geographic name as entry element Hindi literature--Stories
9 (RLIN) 57803
700 ## - ADDED ENTRY--PERSONAL NAME
Personal name वर्मा, नवारुण
9 (RLIN) 57804
942 ## - ADDED ENTRY ELEMENTS (KOHA)
Source of classification or shelving scheme Dewey Decimal Classification
Koha item type Hindi Books
Classification part
Call number suffix बराम
Holdings
Withdrawn status Lost status Damaged status Not for loan Home library Current library Date acquired Source of acquisition Cost, normal purchase price Total Checkouts Full call number Barcode Date last seen Copy number Cost, replacement price Price effective from Koha item type
        Central Library Central Library 18/08/2015 Cen Lib/Ret 12.00   क बराम A-777083 18/08/2015 1 12.00 18/08/2015 Hindi Books

© Delhi Public Library
Hit Counter
free hit counter